书目信息 |
| 题名: |
绝地生灵
|
|
| 作者: | 鲍鹏山 著 | |
| 分册: | ||
| 出版信息: | 北京 中国青年出版社 2006 |
|
| 页数: | 235页 | |
| 开本: | 21cm | |
| 丛书名: | 思想的历史 | |
| 单 册: | ||
| 中图分类: | B234.05 , B235.05 | |
| 科图分类: | ||
| 主题词: | 思想史--研究--中国--三国时代 , 思想史 , 思想史--研究--中国--汉代 , 哲学--中国--魏晋南北朝时代 , 哲学--中国--三国时代 | |
| 电子资源: | ||
| ISBN: | 7-5006-6643-8 | |
| 000 | 01048oam2 2200313 450 | |
| 001 | 1135226910 | |
| 005 | 20110929102701.01 | |
| 010 | @a7-5006-6643-8@dCNY20.00 | |
| 100 | @a20060104d2006 em y0chiy50 ea | |
| 101 | 0 | @achi |
| 102 | @aCN@b110000 | |
| 105 | @aa z 000yy | |
| 106 | @ar | |
| 200 | 1 | @a绝地生灵@e纪元2-纪元5世纪@f鲍鹏山著@Ajue di sheng ling |
| 210 | @a北京@c中国青年出版社@d2006 | |
| 215 | @a235页@c图@d21cm | |
| 225 | 2 | @a思想的历史@v3 |
| 330 | @a本书从哲学家所处的历史背景及其人格和行为出发,阐释他们思想的意义及价值,并将其与现代哲学和思想联系起来,以现代人的观点对其予以审视,挖掘出新的内涵。 | |
| 461 | 0 | @1001003236756 |
| 606 | 0 | @a思想史@x研究@y中国@z三国时代 |
| 606 | 0 | @a思想史 |
| 606 | 0 | @a思想史@x研究@y中国@z汉代 |
| 606 | 0 | @a哲学@x中国@x魏晋南北朝时代 |
| 606 | 0 | @a哲学@x中国@x三国时代 |
| 690 | @aB234.05@v4 | |
| 690 | @aB235.05@v4 | |
| 701 | 0 | @a鲍鹏山@f(1963~)@4著@Abao peng shan |
| 801 | 0 | @aCN@b大连网信软件有限公司图书馆·11@c20110929 |
| 905 | @a10447@dB235.05@eJY107 | |
| 绝地生灵:纪元2-纪元5世纪/鲍鹏山著.-北京:中国青年出版社,2006 |
| 235页:图;21cm .-(思想的历史;3 ) |
| ISBN 7-5006-6643-8:CNY20.00 |
| 本书从哲学家所处的历史背景及其人格和行为出发,阐释他们思想的意义及价值,并将其与现代哲学和思想联系起来,以现代人的观点对其予以审视,挖掘出新的内涵。 |
| ● |
| 相关链接 |
|
|
|
|
正题名:绝地生灵
索取号:B235.05/JY107
 
预约/预借
| 序号 | 登录号 | 条形码 | 馆藏地/架位号 | 状态 | 备注 |
| 1 | 7824572 | 278245720 | 学院路分馆/ [索取号:B235.05/JY107] | 在馆 | |
| 2 | 7824573 | 278245739 | 学院路分馆/ [索取号:B235.05/JY107] | 在馆 |